LDR 00974naa#a2200181#i#450# 001 RU\\bibl\19437 005 20260516110841.6 100 ## _a20260515b2026####ek#y0rusy0150####ca 102 ## _aRU 200 1# _aРАЗНООБРАЗИЕ, СОСТОЯНИЕ И РОСТ ДРЕВЕСНЫХ РАСТЕНИЙ В ОЗЕЛЕНЕНИИ РАБОЧЕГО ПОСЕЛКА ТАЛОВАЯ ВОРОНЕЖСКОЙ ОБЛАСТИ _eСтатья/тезисы конференции 210 1# _aВоронеж _cВоронежский государственный лесотехнический университет имени Г.Ф. Морозова _d2026 215 ## _a6 с. 608 ## _aСтатья/тезисы конференции _2local 675 ## _aЛесное хозяйство. Лесоводство. 630 _z 700 #1 _aМихайлова _gМария Игоревна 700 #1 _aМахинова _gД. И. 700 #1 _aЧернышов _gМихаил Павлович 856 4# _abibl.vgltu.ru _u